000 00277nam a2200121Ia 4500
008 190216s9999||||xx |||||||||||||| ||und||
100 _aHanda. A
245 0 _aComputer Science Engineering
260 _bSatya Prakasan
_c2005
300 _a1938
650 _aPhysics
942 _cBK
999 _c8846
_d8846